Cine tablas : colección de datos prácticos para la toma de vistas de 8, 9,5 y 16 mm / Pierre Monier colección de datos prácticos para la toma de vistas de 8, 9,5 y 16 mm / Pierre Monier
Descripción Física:
34 p. : il. ; 17 cm
Colección:
Pequeños manuales cinematográficos ; 1
Materias:
Cinematografia (Tècnica)
MARC
| LEADER | 00000nam a2200000Ia 4500 | ||
|---|---|---|---|
| 001 | 13274 | ||
| 008 | 160829s1956 xx 000 0 cat d | ||
| 080 | |a FU-14-90 | ||
| 100 | |a Monier, Pierre |9 25145 | ||
| 245 | |a Cine tablas : |b colección de datos prácticos para la toma de vistas de 8, 9,5 y 16 mm / Pierre Monier | ||
| 260 | |a Barcelona : |b Omega, |c 1956 | ||
| 300 | |a 34 p. : |b il. ; |c 17 cm | ||
| 490 | |a Pequeños manuales cinematográficos ; 1 | ||
| 650 | |a Cinematografia (Tècnica) |9 25146 | ||
| 856 | 4 | |u https://media.diba.cat/diba/fitxers/arxiu/fulletons/bib_13274_baixa.pdf |y Accés lliure | |
| 856 | 4 | |u https://media.diba.cat/diba/fitxers/arxiu/fulletons/bib_13274_baixa.pdf |y Accés lliure | |
| 901 | |a Arxiu | ||
| 942 | |n 1 |2 udc | ||
| 952 | |0 0 |1 0 |4 0 |6 FU1490 |7 1 |9 43469 |a Arxiu |b Arxiu |d 2016-12-01 |l 0 |o FU-14-90 |p 13274 |r 2016-12-01 00:00:00 |w 2016-12-01 |y ARXIU | ||
| 999 | |c 46015 |d 46015 | ||
| 900 | |a bib_13274_baixa.pdf | ||